[Event "HUN-ch U10"]
[Site "Balatonlelle"]
[Date "2019.06.21"]
[Round "1"]
[White "Foldes, Marton Gabor"]
[Black "Baki, Bence"]
[Result "1-0"]
[WhiteElo "1653"]
[BlackElo "1174"]
[PlyCount "33"]
[EventDate "2019.06.21"]
[EventType "swiss"]
[EventRounds "9"]
[EventCountry "HUN"]
[SourceTitle "CBM 191 Extra"]
[Source "ChessBase"]
[SourceDate "2019.09.30"]
[SourceVersion "1"]
[SourceVersionDate "2019.09.30"]
[SourceQuality "1"]

1. e4 e5 2. Nf3 Nc6 3. d4 exd4 4. Bc4 Bb4+ 5. c3 dxc3 6. bxc3 Bc5 7. Qd5 Qe7 8. Bg5 f6 9. Bf4 d6 10. Nbd2 Bd7 11. 0-0 0-0-0 12. Rab1 g5 13. Be3 g4 14. Nd4 Qe5 15. Ba6 bxa6 16. Nxc6 Qxd5 17. Rb8# 1-0